Teaching and learning at a distance : foundations of distance education (Record no. 35260)

MARC details
000 -LEADER
fixed length control field 00521nam a2200193Ia 4500
020 ## - INTERNATIONAL STANDARD BOOK NUMBER
ISBN 0131196308
050 ## - CALL MARK
Classification number LC 5800 .T43/
100 ## - STATEMENT OF RESPONSIBILITY--MAIN AUTHOR NAME
Personal name Simonson, Michael
245 #0 - TITLE STATEMENT
Title Teaching and learning at a distance : foundations of distance education
250 ## - EDITION / VOLUME STATEMENT
Edition / Volume statement 3rd ed.
260 ## - PUBLICATION, DISTRIBUTION, ETC. (IMPRINT)
Place of publication Upper Saddle River
260 ## - PUBLICATION, DISTRIBUTION, ETC. (IMPRINT)
Name of publisher Pearson/Merrill Prentice Hall
260 ## - PUBLICATION, DISTRIBUTION, ETC. (IMPRINT)
Year of publication c2006
300 ## - PHYSICAL DESCRIPTION
Number of Pages 360 p
650 ## - SUBJECT ADDED ENTRY--TOPICAL TERM
Topical Term Distance education.
942 ## - ADDED ENTRY ELEMENTS (KOHA)
Koha item type Books
Holdings
Withdrawn status Lost status Source of classification or shelving scheme Damaged status Not for loan Permanent Location Current Location Date acquired Accession Number Price effective from Koha item type
    Library of Congress Classification     NILE UNIVERSITY OF NIGERIA - MAIN LIBRARY NILE UNIVERSITY OF NIGERIA - MAIN LIBRARY 04/23/2025 0010711 04/23/2025 Books